| Tag |
First Indicator |
Second Indicator |
Subfields |
| LEADER |
00000cam a2200000 i 4500 |
| 001 |
in00003780113 |
| 005 |
20170927140131.0 |
| 008 |
151005s2016 paua b 001 0 eng |
| 010 |
|
|
|a 2015031431
|
| 020 |
|
|
|a 9781439913369
|q hardcover ;
|q alkaline paper
|
| 020 |
|
|
|a 1439913366
|q hardcover ;
|q alkaline paper
|
| 020 |
|
|
|a 9781439913376
|q paper ;
|q alkaline paper
|
| 020 |
|
|
|a 1439913374
|q paper ;
|q alkaline paper
|
| 020 |
|
|
|z 9781439913383
|q electronic book
|
| 035 |
|
|
|a (OCoLC)ocn921868672
|
| 035 |
|
|
|a (OCoLC)921868672
|
| 040 |
|
|
|a DLC
|b eng
|e rda
|c DLC
|d YDX
|d YDXCP
|d BTCTA
|d BDX
|d OCLCF
|d CDX
|d OEM
|d OCLCO
|d TXA
|d UtOrBLW
|
| 042 |
|
|
|a pcc
|
| 043 |
|
|
|a n-us---
|
| 049 |
|
|
|a TXAM
|
| 050 |
0 |
0 |
|a PS153.N5
|b S64 2016
|
| 082 |
0 |
0 |
|a 810.9/896073
|2 23
|
| 084 |
|
|
|a LIT004040
|2 bisacsh
|
| 100 |
1 |
|
|a Sollors, Werner,
|e author.
|0 http://id.loc.gov/authorities/names/n85038359
|
| 245 |
1 |
0 |
|a African American writing :
|b a literary approach /
|c Werner Sollors.
|
| 264 |
|
1 |
|a Philadelphia :
|b Temple University Press,
|c 2016.
|
| 300 |
|
|
|a viii, 281 pages :
|b illustrations ;
|c 23 cm
|
| 336 |
|
|
|a text
|b txt
|2 rdacontent
|
| 337 |
|
|
|a unmediated
|b n
|2 rdamedia
|
| 338 |
|
|
|a volume
|b nc
|2 rdacarrier
|
| 504 |
|
|
|a Includes bibliographical references and index.
|
| 650 |
|
0 |
|a American literature
|x African American authors
|x History and criticism.
|0 http://id.loc.gov/authorities/subjects/sh2007100736
|
| 650 |
|
0 |
|a African Americans in literature.
|0 http://id.loc.gov/authorities/subjects/sh85002009
|
| 650 |
|
0 |
|a Race relations in literature.
|0 http://id.loc.gov/authorities/subjects/sh94008444
|
| 650 |
|
7 |
|a LITERARY CRITICISM
|x American
|x African American.
|2 bisacsh
|
| 650 |
|
7 |
|a African Americans in literature.
|2 fast
|0 (OCoLC)fst00799727
|
| 650 |
|
7 |
|a American literature
|x African American authors.
|2 fast
|0 (OCoLC)fst00807114
|
| 650 |
|
7 |
|a Race relations in literature.
|2 fast
|0 (OCoLC)fst01086563
|
| 655 |
|
7 |
|a Criticism, interpretation, etc.
|2 fast
|0 (OCoLC)fst01411635
|
| 945 |
|
|
|a PromptCat
|
| 948 |
|
|
|a cataloged
|b h
|c 2016/6/15
|d c
|e jlanham
|f 2:49:21 pm
|
| 994 |
|
|
|a C0
|b TXA
|
| 999 |
f |
f |
|s ad8734e6-9c0e-3d40-acba-a8888cf94566
|i 3b36209e-e758-37fe-96c8-6d4219bb000e
|t 0
|
| 952 |
f |
f |
|p normal
|a Texas A&M University
|b College Station
|c Sterling C. Evans Library
|d Evans: Library Stacks
|t 0
|e PS153.N5 S64 2016
|h Library of Congress classification
|i unmediated -- volume
|m A14843412736
|
| 998 |
f |
f |
|a PS153.N5 S64 2016
|t 0
|l Evans: Library Stacks
|